|
|
|
|
| LEADER |
00000nam0a2200000 4500 |
| 001 |
308445 |
| 005 |
20231102002108.0 |
| 020 |
|
|
|a RU
|b 81-78093
|
| 035 |
|
|
|a (RuTPU)RU\TPU\book\333765
|
| 090 |
|
|
|a 308445
|
| 100 |
|
|
|a 20151102d1981 k y0rusy5003 ca
|
| 101 |
0 |
|
|a rus
|
| 102 |
|
|
|a RU
|
| 105 |
|
|
|a a z 001zy
|
| 200 |
1 |
|
|a Прогнозирование свойств спеченных материалов
|f В. Я. Буланов, В. Н. Небольсинов
|g Академия наук СССР (АН СССР), Уральский научный центр (УНЦ), Институт металлургии
|
| 210 |
|
|
|a Москва
|c Наука
|d 1981
|
| 215 |
|
|
|a 152 с.
|c ил.
|
| 320 |
|
|
|a Библиогр.: с. 146-151
|
| 606 |
|
|
|a Спеченные материалы
|x Прогнозирование
|x Производство
|2 stltpush
|3 (RuTPU)RU\TPU\subj\55849
|9 73806
|
| 610 |
1 |
|
|a порошковые материалы
|
| 610 |
1 |
|
|a шихта
|
| 610 |
1 |
|
|a расчет
|
| 610 |
1 |
|
|a прессование
|
| 610 |
1 |
|
|a процесс
|
| 610 |
1 |
|
|a спекание
|
| 610 |
1 |
|
|a свойства
|
| 675 |
|
|
|a 621.762.5
|v 3
|
| 700 |
|
1 |
|a Буланов
|b В. Я.
|g Владимир Яковлевич
|
| 701 |
|
1 |
|a Небольсинов
|b В. Н.
|g Владимир Николаевич
|
| 712 |
0 |
2 |
|a Академия наук СССР (АН СССР)
|b Уральский научный центр (УНЦ)
|b Институт металлургии
|c (Свердловск)
|2 stltpush
|3 (RuTPU)RU\TPU\col\11568
|
| 801 |
|
0 |
|a RU
|b RuMRKP
|c 19950704
|g psbo
|
| 801 |
|
1 |
|a RU
|b 63413507
|c 20151102
|
| 801 |
|
2 |
|a RU
|b 63413507
|c 20200826
|g RCR
|
| 942 |
|
|
|c BK
|